| 000 | 00609nam a22001577a 4500 | ||
|---|---|---|---|
| 999 |
_c57152 _d57152 |
||
| 005 | 20191206120145.0 | ||
| 008 | 191206s2019 ru ||||| |||| 00| 0 rus d | ||
| 020 | _q0040-5779 | ||
| 041 | _arus | ||
| 245 |
_aТеоретическая и математическая физика : _b2019 №1 том 201 / _cГл. ред. A. A Славнов . |
||
| 260 |
_aМосква : _bнаукаь _c1969 - |
||
| 300 | _aV. | ||
| 653 | _aთეორიული და მათემატიკური ფიზიკა | ||
| 700 |
_a Славнов, A. A _eრედაქტორი _95691 |
||
| 942 |
_2udc _cCR |
||